000 00883nam a2200241Ia 4500
001 21589
003 GE_BSU
008 181216s||||||||xx |||||||||||||| ||und||
040 _cGE_BSU
080 _a811.353.1-84(075.8=161.1)
100 _aკეკელია, შ.
245 _aქართული ენის სახელმძღვანელო
245 _bუმაღლ. სკოლის რუს. განყ-ბის სტუდენტთათვის
250 _aსაქ. სსრ განათლ. სამინისტრო.
260 _aთბილისი
260 _bცოდნა
260 _c1959
300 _a423გვ. ; 22სმ.
541 _h1ლ. 32თ.
653 _aქართული ენა
653 _aქართული ენის სახელმძღვანელო
942 _cBK
999 _c54525
_d54525